Online Catalogue and eLibrary

South Asian strategic issues : (Record no. 624)

MARC details
000 -LEADER
fixed length control field 00667pam a2200205 a 4500
001 - CONTROL NUMBER
control field 2925438
005 - DATE AND TIME OF LATEST TRANSACTION
control field 20240328065439.0
008 - FIXED-LENGTH DATA ELEMENTS--GENERAL INFORMATION
fixed length control field 890720s1990 ii b 001 0 eng
020 ## - INTERNATIONAL STANDARD BOOK NUMBER
ISBN 0803996225
020 ## - INTERNATIONAL STANDARD BOOK NUMBER
ISBN 0803996233 (pbk.)
040 ## - CATALOGING SOURCE (பட்டியலாக்க மூலம்)
Original cataloging agency DLC
Transcribing agency DLC
Modifying agency DLC
082 00 - DDC Classification
Class No. 327.
DDC Edition Number 20
Item Number - Author Mark SOU.
245 00 - TITLE STATEMENT
Title South Asian strategic issues :
Remainder of title Sri Lankan perspectives /
Statement of responsibility, etc. Shelton U. Kodikara.
260 ## - PUBLICATION, DISTRIBUTION, ETC.
Place of publication, distribution, etc. New Delhi ;
Name of publisher, distributor, etc. Sage Publications,
Date of publication, distribution, etc. 1990.
300 ## - PHYSICAL DESCRIPTION
Extent (e.g. Volumes, Pages etc.) 204 p. ;
700 1# - ADDED ENTRY--PERSONAL NAME
Personal name Kodikara, Shelton U.
Relator term (Role) Editor
856 42 - ELECTRONIC LOCATION AND ACCESS
Uniform Resource Identifier <a href="http://www.loc.gov/catdir/enhancements/fy0657/89010677-d.html">http://www.loc.gov/catdir/enhancements/fy0657/89010677-d.html</a>
856 41 - ELECTRONIC LOCATION AND ACCESS
Uniform Resource Identifier <a href="http://www.loc.gov/catdir/enhancements/fy0657/89010677-t.html">http://www.loc.gov/catdir/enhancements/fy0657/89010677-t.html</a>
942 ## - Koha item type (Biblio)
Koha item type Books in Stacks (Lending)
Holdings
Lost status Damaged status Collection code Home library Current library Date acquired Full call number Accession Number Item type
    Lending WERC Library WERC Library 03/28/2024 327. SOU. 32 Books in Stacks (Lending)

© WERC Library